000 00652nam a2200217Ii 4500
003 JO-AjNU
008 230605s9999||||xx |||||||||||||| ||und||
017 _a2020/14
020 _a978-9957-94-572-5
040 _aJO-AjNU
_bara
_erda
_cJO-AjNU
041 _aara
050 1 4 _aPJ7962.H373.M35 2020
100 3 _aالشريف، مريم,
_eauthor
_962641
245 0 0 _aما لا يستعاد: شعر
264 3 1 _aعمان: وزارة الثقافة، 2020
300 _a287ص
336 _atext
_btxt
_2rdacontent
337 _aunmediated
_bn
_2rdamedia
338 _avolume
_bnc
_2rdacarrier
650 4 _aالأدب العربي-قرن21
_962642
999 _aA28375
_c31943
_d31943